000 00348 a2200169 4500
001 191357
020 _a85-7153-098-X
040 _cMagnum
100 _aNaveira, Raquel
240 1 0 _aPelo de jambo
_lpor
245 1 0 _aPelo de jambo
300 _a52
362 0 _a1996
440 1 _aRHJ
697 _aLITERATURA INFANTO-JUVENIL
942 _cBK
999 _c191357
_d191357